Normal view MARC view

Entry Topical Term

Number of records used in: 1

001 - CONTROL NUMBER

  • control field: 13852

003 - CONTROL NUMBER IDENTIFIER

  • control field: dpl

005 - DATE AND TIME OF LATEST TRANSACTION

  • control field: 20100816121146.0

008 - FIXED-LENGTH DATA ELEMENTS

  • fixed length control field: 100816|||a|||||| | ||| d

040 ## - CATALOGING SOURCE

  • Original cataloging agency: dpl
  • Transcribing agency: dpl

150 ## - HEADING--TOPICAL TERM

  • Topical term or geographic name as entry element: Science

670 ## - SOURCE DATA FOUND

  • Source citation: Work cat.: (dpl)41699: The year book 2008 /, 200?

670 ## - SOURCE DATA FOUND

  • Source citation: Work cat.: (dpl)41699: The year book 2008 /, 200?

© Delhi Public Library
Hit Counter
free hit counter